| 000 | 03773cam a22005418i 4500 | ||
|---|---|---|---|
| 001 | 20609029 | ||
| 003 | BJBSDDR | ||
| 005 | 20260326133537.0 | ||
| 006 | a|||||r|||| 00| 0 | ||
| 007 | ta | ||
| 008 | 180801s2018 enk o 001 0 eng | ||
| 010 | _a 2018036925 | ||
| 020 | _a9781788731188 | ||
| 020 | _a1788731182 | ||
| 020 | _a9781788731195 | ||
| 035 | _a20609029 | ||
| 040 |
_aDLC _beng _erda _cDLC |
||
| 041 | _aeng | ||
| 042 | _apcc | ||
| 043 |
_af------ _ae------ |
||
| 050 | 1 | 4 |
_aHC 800 _bR694h 2018 |
| 082 | 0 | 0 | _a330.96 |
| 100 | 1 |
_aRodney, Walter _q(Walter Anthony), _d1942-1980 _947569 |
|
| 245 | 1 | 0 |
_aHow Europe underdeveloped Africa / _cWalter Rodney ; foreword by Angela Davis. |
| 264 | 1 |
_aLondon ; _aNew York : _bVerso, _c2018. |
|
| 300 |
_axxxiii, 394 pages ; _c21 cm. |
||
| 336 |
_atext _2rdacontent |
||
| 337 |
_acomputer _2rdamedia |
||
| 338 |
_aonline resource _2rdacarrier |
||
| 500 | _a"First published in the UK by Bogle-L'Ouverture Publications 1972." | ||
| 500 | _aIncludes index. | ||
| 505 | 0 | _aForeword / by Angela Y. Davis -- Preface -- Introduction / by Vincent Harding, Robert Hill, William Strickland -- Some questions on development -- How Africa developed before the coming of the Europeans--up to the fifteenth century -- Africa's contribution to European capitalist development--the pre-colonial period -- Europe and the roots of African underdevelopment--to 1885 -- Africa's contributions to the capitalist development of Europe--the colonial development -- Colonialism as a system for underdeveloping Africa -- Postscript / by A. M. Babu. | |
| 520 | _aThe classic work of political, economic, and historical analysis, powerfully introduced by Angela Davis. In his short life, the Guyanese intellectual Walter Rodney emerged as one of the leading thinkers and activists of the anticolonial revolution, leading movements in North America, South America, the African continent, and the Caribbean. In each locale, Rodney found himself a lightning rod for working class Black Power. His deportation catalyzed 20th century Jamaica's most significant rebellion, the 1968 Rodney riots, and his scholarship trained a generation how to think politics at an international scale. In 1980, shortly after founding of the Working People's Alliance in Guyana, the 38-year-old Rodney would be assassinated. In his magnum opus, "How Europe underdeveloped Africa," Rodney incisively argues that grasping "the great divergence" between the West and the rest can only be explained as the exploitation of the latter by the former. This meticulously researched analysis of the abiding repercussions of European colonialism on the continent of Africa has not only informed decades of scholarship and activism, it remains an indispensable study for grasping global inequality today | ||
| 588 | _aDescription based on print version record and CIP data provided by publisher; resource not viewed. | ||
| 651 | 0 |
_aAfrica _xEconomic conditions. |
|
| 651 | 4 |
_aAfrica _xCondiciones económicas _95315 |
|
| 651 | 0 |
_aAfrica _xColonial influence. |
|
| 651 | 4 |
_aÁfrica _xInfluencia colonial _947720 |
|
| 651 | 0 |
_aEurope _xForeign economic relations _zAfrica. |
|
| 651 | 4 |
_aEuropa _xRelaciones económicas exteriores _zÁfrica _922734 |
|
| 651 | 0 |
_aAfrica _xForeign economic relations _zEurope. |
|
| 651 | 4 |
_aÁfrica _xRelaciones económicas exteriores _zEuropa _934510 |
|
| 700 | 1 |
_aDavis, Angela Y. _q(Angela Yvonne), _d1944- _ewriter of foreword _917340 |
|
| 776 | 0 | 8 |
_iPrint version: _aRodney, Walter, author. _tHow Europe underdeveloped Africa _b[New edition]. _dBrooklyn : Verso, 2018 _z9781788731188 _w(DLC) 2018021223 |
| 906 |
_a7 _bcbc _corigcop _d1 _eecip _f20 _gy-gencatlg |
||
| 942 |
_2lcc _cBK |
||
| 999 |
_c126614 _d126614 |
||